000 00866 a2200241 4500
020 _a0072341440
020 _a9780072341447
082 0 4 _a005.369
090 _c3963
_d3963
100 1 _aHarrell, Charles.
245 1 0 _aSimulation using promodel /
_cCharles Harrell.
250 _a3rd Ed ed.
260 _a[S.l.] :
_bMcGraw-Hill Education,
_c2000.
300 _a6 p. ;
_c25 cm.
490 1 _aMcgraw-hill series in industrial engineering and management science.
500 _aHardcover.
700 1 _aGhosh, Birman K.
700 1 _aBowden, Royce.
830 0 _aMcgraw-hill series in industrial engineering and management science.
856 4 0 _3Amazon.com
_uhttp://www.amazon.com/exec/obidos/ASIN/0072341440/chopaconline-20
856 4 0 _3Amazon customer reviews
_uhttp://www.chopac.org/cgi-bin/tools/azrev.pl?q=0072341440
942 _aNBS
_cBK
_k005.369 HAR
999 _c346423
_d346423